The largest jails in the US - Statistics

General Stats
  • This quiz has been taken 2 times
  • The average score is 6 of 10
Answer Stats
Inmate population Answer % Correct
10,000 Houston
100%
19,836 Los Angeles
100%
7,050 Miami
100%
13,849 New York City
100%
6,294 Chicago
50%
6,385 Dallas
50%
8,811 Philadelphia
50%
9,265 Phoenix
50%
5,765 Memphis
0%
6,000 Orange
0%
No matching quizzes found
Score Distribution
Percent of People with Each Score
Percentile by Number Answered
Your Score History
You have not taken this quiz